Datum a čas kvízu
35.5
Celkem bodů
Celkový počet nahraných bodů na tomto kvízu bez doplňovacích otázek.
2.
Pořadí na kvízu
Konečné umístění týmu na tomto kvízu.
Zaznamenané odpovědi
| # | Otázka | Odpověď | Body | Výsledky |
|---|---|---|---|---|
| 1. | Česká armáda se minulý týden r... | Jak-40 | 1 | |
| 2. | Jedním z bodů programu předsed... | Já jsem Tchajwanec. | 1 | |
| 3. | Pražské Národní muzeum zahájil... | Sluneční králové | 0 | |
| 4. | Firma O.L.G.A. dostala od Česk... | Vratislav Mynář | 1 | |
| 5. | Do koňského nebe odešla minulý... | Sixteen | 0 | |
| 6. | „Arktida přinutí člověka, aby... | Robert Peary | 0 | |
| 7. | Jedním z nejvýznamnějších obje... | James Clark Ross | 0 | |
| 8. | „Svět kolem mne byl tak laskav... | Annapurna | 1 | |
| 9. | Roku 1938 byla poprvé pokořena... | Heinrich Harrer, Sedm let v Tibetu | 0.5 | |
| 10. | Podmořští výzkumníci Jacques P... | batyskaf | 1 |